Goethe : (Record no. 12931)
[ view plain ]
| 000 -LEADER | |
|---|---|
| fixed length control field | 01163nam a22003017a 4500 |
| 003 - CONTROL NUMBER IDENTIFIER | |
| control field | EG-ScBUE |
| 005 - DATE AND TIME OF LATEST TRANSACTION | |
| control field | 20220406123746.0 |
| 008 - FIXED-LENGTH DATA ELEMENTS--GENERAL INFORMATION | |
| fixed length control field | 091118s1928 nyua f 000 0beng d |
| 040 ## - CATALOGING SOURCE | |
| Original cataloging agency | EG-ScBUE |
| Language of cataloging | eng |
| Description conventions | rda |
| Transcribing agency | EG-ScBUE |
| Modifying agency | EG-ScBUE |
| 082 04 - DEWEY DECIMAL CLASSIFICATION NUMBER | |
| Edition number | 22 |
| Classification number | 838.6 |
| Item number | LUD |
| 100 1# - MAIN ENTRY--PERSONAL NAME | |
| Personal name | Ludwig, Emil, |
| Dates associated with a name | 1881-1948, |
| Relator term | author. |
| 9 (RLIN) | 34059 |
| 245 ## - TITLE STATEMENT | |
| Title | Goethe : |
| Remainder of title | The history of a man 1749-1832 / |
| Statement of responsibility, etc | by Emil Ludwig ; translated from the German by Ethel Colburn Mayne. |
| 264 #1 - PUBLICATION, DISTRIBUTION, ETC. (IMPRINT) | |
| Place of publication, distribution, etc | New York ; |
| -- | London : |
| Name of publisher, distributor, etc | G. P. Putnam's Sons, |
| Date of publication, distribution, etc | 1928. |
| 300 ## - PHYSICAL DESCRIPTION | |
| Extent | ix, 647 pages : |
| Other physical details | illustrations ; |
| Dimensions | 23 cm |
| 336 ## - CONTENT TYPE | |
| Source | rdacontent |
| Content type term | text |
| Content type code | txt |
| 337 ## - MEDIA TYPE | |
| Source | rdamedia |
| Media type term | unmediated |
| Media type code | n |
| 338 ## - CARRIER TYPE | |
| Source | rdacarrier |
| Carrier type term | volume |
| Carrier type code | nc |
| 546 ## - LANGUAGE NOTE | |
| Language note | Text in English ; translated from the original Germany.<br/> |
| 600 07 - SUBJECT ADDED ENTRY--PERSONAL NAME | |
| Personal name | Goethe, Johann Wolfgang von, |
| Dates associated with a name | 1749-1832. |
| Source of heading or term | BUEsh |
| 650 #7 - SUBJECT ADDED ENTRY--TOPICAL TERM | |
| Topical term or geographic name as entry element | Authors, German |
| Chronological subdivision | 18th century |
| Form subdivision | Biography. |
| Source of heading or term | BUEsh |
| 650 #7 - SUBJECT ADDED ENTRY--TOPICAL TERM | |
| Topical term or geographic name as entry element | Authors, German |
| Chronological subdivision | 19th century |
| Form subdivision | Biography. |
| Source of heading or term | BUEsh |
| 651 ## - SUBJECT ADDED ENTRY--GEOGRAPHIC NAME | |
| Source of heading or term | BUEsh |
| 653 ## - INDEX TERM--UNCONTROLLED | |
| Resource For college | Generalities |
| Arrived date list | April2022 |
| 655 ## - INDEX TERM--GENRE/FORM | |
| Form subdivision | Reading book |
| 9 (RLIN) | 34232 |
| 700 1# - ADDED ENTRY--PERSONAL NAME | |
| Personal name | Mayne, Ethel Colburn, |
| Dates associated with a name | -1941 |
| Relator term | translator. |
| 942 ## - ADDED ENTRY ELEMENTS (KOHA) | |
| Source of classification or shelving scheme | Dewey Decimal Classification |
| Koha item type | Book - Borrowing |
| Withdrawn status | Lost status | Source of classification or shelving scheme | Damaged status | Not for loan | Collection code | Home library | Current library | Shelving location | Date acquired | Source of acquisition | Total Checkouts | Total Renewals | Full call number | Barcode | Date last seen | Date checked out | Price effective from | Koha item type |
|---|---|---|---|---|---|---|---|---|---|---|---|---|---|---|---|---|---|---|
| Dewey Decimal Classification | Donation-Gift | Central Library | Central Library | Second Floor | 18/11/2009 | Donation | 1 | 1 | 838.6 LUD | 000018992 | 15/07/2025 | 10/03/2010 | 18/11/2009 | Book - Borrowing |